000 00477nam a2200157Ia 4500
008 240729s9999 xx 000 0 und d
022 _a2406-9760
245 0 _aInternational Journal of Creative and Arts Studies
260 _aIndonesia
260 _bGraduate School of Indonesia Institute of the Arts Yogyakarta
650 _a Arts in general
650 _aFine Arts
856 _uhttps://doaj.org/toc/7169fffb910b4d3792faf162d1ae5300
942 _2ddc
942 _cDOAJEJ
999 _c68184
_d68184
945 _a1
_bMadushi Gamage
_c1
_dMadushi Gamage